[Event "Baden-ch"]
[Site "Ottenau"]
[Date "2005.03.29"]
[Round "6"]
[White "Ferster, Fabian"]
[Black "Inhoven, Stefan"]
[Result "1-0"]
[WhiteElo "2030"]
[BlackElo "2211"]
[PlyCount "101"]
[EventDate "2005.03.25"]
[EventType "swiss"]
[EventRounds "11"]
[EventCountry "GER"]
[SourceTitle "CBM 105 Extra"]
[Source "ChessBase"]
[SourceDate "2005.05.01"]
[SourceVersion "1"]
[SourceVersionDate "2005.05.01"]
[SourceQuality "1"]

1. d4 Nc6 2. Nf3 d6 3. e4 a6 4. Bc4 Nf6 5. Qe2 Bg4 6. c3 e5 7. d5 Nb8 8. 0-0 Be7 9. Nbd2 0-0 10. b3 Nh5 11. Qe3 g6 12. Bb2 Nf4 13. a4 f6 14. a5 Rf7 15. b4 Bf8 16. Kh1 Bg7 17. Ba2 Qf8 18. c4 Bh6 19. Qc3 Nd7 20. Ba3 f5 21. exf5 gxf5 22. c5 e4 23. Nd4 Bg7 24. Qe3 Bxd4 25. Qxd4 Ne5 26. Bb2 Be2 27. Rfe1 Bb5 28. Bc4 Bxc4 29. Nxc4 Qg7 30. Ne3 Nfd3 31. Rf1 Nxb2 32. Qxb2 f4 33. Nc2 Re8 34. Ra3 Qg6 35. Rh3 Rg7 36. g3 Qg4 37. Rh4 Qf3+ 38. Kg1 Ng6 39. Nd4 Qd3 40. Nf5 Re5 41. Rh5 Qxd5 42. Nxg7 Kxg7 43. cxd6 cxd6 44. Qc3 Qc6 45. Qxc6 bxc6 46. Rxe5 Nxe5 47. gxf4 Nd3 48. Rd1 Kf6 49. f3 Kf5 50. fxe4+ Kxe4 51. Rxd3 1-0

[Event "Baden-ch"]
[Site "Ottenau"]
[Date "2005.03.26"]
[Round "2"]
[White "Kuci, Blerim"]
[Black "Inhoven, Stefan"]
[Result "1-0"]
[WhiteElo "2175"]
[BlackElo "2211"]
[PlyCount "54"]
[EventDate "2005.03.25"]
[EventType "swiss"]
[EventRounds "11"]
[EventCountry "GER"]
[SourceTitle "CBM 105 Extra"]
[Source "ChessBase"]
[SourceDate "2005.05.01"]
[SourceVersion "1"]
[SourceVersionDate "2005.05.01"]
[SourceQuality "1"]

1. e4 g6 2. Nf3 d6 3. g3 Bg7 4. Bg2 e5 5. 0-0 Nc6 6. d3 Nge7 7. c3 0-0 8. Nh4 d5 9. Nd2 dxe4 10. dxe4 g5 11. Nhf3 Ng6 12. Qe2 h6 13. Rd1 Qf6 14. Nf1 Nd8 15. b3 Re8 16. Ba3 Bf8 17. Bxf8 Rxf8 18. Ne3 c6 19. Rd2 Be6 20. Ne1 Kh7 21. Bf3 Ne7 22. Rad1 b6 23. Bg4 Nb7 24. Bxe6 fxe6 25. Ng4 Qg7 26. b4 Rfd8 27. Rd7 Rxd7 1-0

[Event "Verbandsliga Nord Baden 0405"]
[Site "Germany"]
[Date "2005.01.09"]
[Round "5.3"]
[White "Dushatskiy, Fedor"]
[Black "Inhoven, Stefan"]
[Result "1-0"]
[WhiteElo "2204"]
[BlackElo "2231"]
[PlyCount "63"]
[EventDate "2004.10.10"]
[EventType "team"]
[EventRounds "9"]
[EventCountry "GER"]
[SourceTitle "EXT 2007"]
[Source "ChessBase"]
[SourceDate "2006.11.23"]
[SourceVersion "1"]
[SourceVersionDate "2006.11.23"]
[SourceQuality "1"]
[WhiteTeam "Kirchheim II"]
[BlackTeam "Sandhausen"]
[WhiteTeamCountry "GER"]
[BlackTeamCountry "GER"]

1. d4 d5 2. Nf3 Nc6 3. c4 Bg4 4. cxd5 Bxf3 5. gxf3 Qxd5 6. e3 e5 7. Nc3 Bb4 8. Bd2 Bxc3 9. bxc3 Qd6 10. Rb1 Rb8 11. f4 exf4 12. e4 Nge7 13. Qf3 Ng6 14. h4 h5 15. Bb5 Rd8 16. Rd1 a6 17. Ba4 Kf8 18. Kf1 b5 19. Bc2 Qa3 20. Bb3 Na5 21. Bc1 Qe7 22. Bc2 Qe6 23. e5 Qg4 24. Qxg4 hxg4 25. h5 Nc4 26. Kg2 Ngxe5 27. dxe5 Rxd1 28. Bxd1 f3+ 29. Kg3 Nxe5 30. Bf4 Nd3 31. Bc2 Nc5 32. Kxg4 1-0